000 00695nam a2200289Ia 4500
005 20260324120720.0
008 008 260324s9999 xx 000 0 eng d
020 _a9781315771373
037 _aEBOOK
040 _aCRL
040 _beng
040 _cCRL
041 _2eng
041 _aeng
084 _qCRL
100 _aPeter Decherney; Blake Atwood
_91159682
245 0 _aIranian Cinema in a Global Context
245 0 _bPolicy, Politics, and Form
260 _bTaylor and Francis
260 _c2014
365 _a
365 _b255
856 _uhttp://www.taylorfrancis.com/books/9781315771373
942 _cEBOOK
999 _c1751357
_d1751357